| 000 | 00414nam a22001457a 4500 | ||
|---|---|---|---|
| 008 | 230621b |||||||| |||| 00| 0 eng d | ||
| 040 |
_aNational Science Library _cNational Science Library |
||
| 080 |
_a625.71(083.4) _bL3 |
||
| 245 | _aBasic road statistics 1970-71 | ||
| 260 |
_aIndia: _bTransport Research Division, _c1972 |
||
| 300 | _av, 339p. | ||
| 650 | _aStatistics | ||
| 653 | _aRoads | ||
| 942 |
_2udc _cBK |
||
| 999 |
_c45691 _d45691 |
||